Nous programes i eines de suport al territori : Pla de concertació Xarxa de Governs Locals 2020-2023 : Març 2022 Pla de concertació Xarxa de Governs Locals 2020-2023 : Març 2022
MARC
| LEADER | 00000nam a22000007a 4500 | ||
|---|---|---|---|
| 001 | 27638 | ||
| 003 | Arxiu | ||
| 005 | 20260324181158.0 | ||
| 008 | 230403b spa||||| |||| 00| 0 cat d | ||
| 017 | |a B 5907-2022 | ||
| 040 | |a agdb |b cat | ||
| 245 | |a Nous programes i eines de suport al territori : |b Pla de concertació Xarxa de Governs Locals 2020-2023 : Març 2022 | ||
| 246 | |a Pla XGL | ||
| 250 | |a Primera edició |b Març de 2022 | ||
| 260 | |a Barcelona : |b Diputació de Barcelona ; |c 2022 | ||
| 300 | |a 16 pàgines ; |b il·lustracions en color ; |c 21 x 30 cm | ||
| 650 | 0 | |a Administració local |x Barcelona (Catalunya : Província) |9 30797 | |
| 650 | 0 | |a Municipis |x Govern i administració |x Barcelona (Catalunya : Província) |9 42329 | |
| 650 | 0 | |a Cooperació interterritorial |z Barcelona (Catalunya : Província) |9 53213 | |
| 710 | |a Barcelona (Catalunya : Província). |b Àrea de Presidència |9 52558 | ||
| 710 | |9 56007 |a Barcelona (Catalunya : Província). |b Subdirecció d’Imatge Corporativa i Promoció Institucional | ||
| 942 | |2 udc |c ARXIU |n 1 | ||
| 952 | |0 0 |1 0 |2 udc |4 0 |6 FU7524 |7 1 |9 65926 |a Arxiu |b Arxiu |d 2023-04-03 |l 0 |o FU-75-24 |p 27638 |r 2023-04-03 00:00:00 |w 2023-04-03 |y ARXIU | ||
| 999 | |c 83303 |d 83303 | ||